[Event "Moscow Open 2018 AB"]
[Site "?"]
[Date "2018.02.01"]
[Round "6.10"]
[White "Sindarov, Javokhir"]
[Black "Mammadzada, Gunay"]
[Result "1/2-1/2"]
[BlackElo "2333"]
[WhiteElo "2429"]
[LiveChessVersion "1.4.8"]

1. e4 {[%clk 1:30:56]} c5 {[%clk 1:30:56]} 2. Nc3 {[%clk 1:31:16]} Nc6
{[%clk 1:31:21]} 3. Bb5 {[%clk 1:29:54]} Nd4 {[%clk 1:27:20]} 4. Bc4
{[%clk 1:30:17]} e6 {[%clk 1:24:38]} 5. Nge2 {[%clk 1:29:37]} Ne7
{[%clk 1:20:01]} 6. O-O {[%clk 1:23:03]} Nec6 {[%clk 1:17:25]} 7. d3
{[%clk 1:21:44]} Be7 {[%clk 1:16:52]} 8. a4 {[%clk 1:16:22]} O-O {[%clk 1:15:15]}
9. Be3 {[%clk 1:15:29]} d6 {[%clk 1:08:18]} 10. Qd2 {[%clk 1:05:48]} Bf6
{[%clk 1:03:19]} 11. Kh1 {[%clk 1:00:25]} b6 {[%clk 0:56:27]} 12. Nf4
{[%clk 0:49:33]} Nb4 {[%clk 0:52:51]} 13. Rac1 {[%clk 0:46:57]} Bb7
{[%clk 0:50:59]} 14. Bxd4 {[%clk 0:39:37]} Bxd4 {[%clk 0:49:26]} 15. Bxe6
{[%clk 0:35:43]} fxe6 {[%clk 0:44:39]} 16. Nxe6 {[%clk 0:36:08]} Qf6
{[%clk 0:45:01]} 17. Nxf8 {[%clk 0:36:04]} Rxf8 {[%clk 0:40:09]} 18. Ne2
{[%clk 0:24:27]} Bxb2 {[%clk 0:25:05]} 19. Rb1 {[%clk 0:24:53]} Ba6
{[%clk 0:25:20]} 20. f4 {[%clk 0:25:04]} Bd4 {[%clk 0:23:06]} 21. c3
{[%clk 0:20:44]} Bxd3 {[%clk 0:23:05]} 22. cxd4 {[%clk 0:21:01]} Bxb1
{[%clk 0:22:13]} 23. Rxb1 {[%clk 0:21:28]} Qe6 {[%clk 0:18:59]} 24. Nc3
{[%clk 0:19:32]} Qf6 {[%clk 0:16:38]} 25. g3 {[%clk 0:14:27]} cxd4
{[%clk 0:10:51]} 26. Nb5 {[%clk 0:14:43]} a5 {[%clk 0:11:16]} 27. Nxd4
{[%clk 0:11:18]} Rc8 {[%clk 0:10:14]} 28. Re1 {[%clk 0:11:20]} h6
{[%clk 0:07:58]} 29. e5 {[%clk 0:02:09]} dxe5 {[%clk 0:08:23]} 30. fxe5
{[%clk 0:02:35]} Qd8 {[%clk 0:08:06]} 31. Qe3 {[%clk 0:02:55]} Qd5+
{[%clk 0:07:46]} 32. Qe4 {[%clk 0:03:15]} Qxe4+ {[%clk 0:05:57]} 33. Rxe4
{[%clk 0:03:38]} Rc4 {[%clk 0:06:09]} 34. e6 {[%clk 0:02:54]} Nc6
{[%clk 0:05:38]} 35. e7 {[%clk 0:01:33]} Nxe7 {[%clk 0:06:02]} 36. Rxe7
{[%clk 0:01:58]} Rxd4 {[%clk 0:06:29]} 37. Rb7 {[%clk 0:02:22]} Rxa4
{[%clk 0:05:29]} 38. Rxb6 {[%clk 0:02:48]} Ra2 {[%clk 0:05:56]} 39. Rb7
{[%clk 0:02:32]} a4 {[%clk 0:02:32]} 40. h4 {[%clk 0:32:55]} a3 {[%clk 0:32:38]}
41. Ra7 {[%clk 0:33:22]} Kf8 {[%clk 0:29:48]} 42. h5 {[%clk 0:31:50]} Ke8
{[%clk 0:27:09]} 43. g4 {[%clk 0:32:15]} Ra1+ {[%clk 0:14:14]} 44. Kg2
{[%clk 0:32:40]} a2 {[%clk 0:14:41]} 45. Kh2 {[%clk 0:31:16]} Kd8
{[%clk 0:14:52]} 46. Kg2 {[%clk 0:31:40]} Kc8 {[%clk 0:15:10]} 47. Kh2
{[%clk 0:31:35]} Kb8 {[%clk 0:15:36]} 48. Ra3 {[%clk 0:32:00]} Kb7
{[%clk 0:16:01]} 49. Ra4 {[%clk 0:32:13]} Kc6 {[%clk 0:16:00]} 50. Kg2
{[%clk 0:32:03]} Kb5 {[%clk 0:15:35]} 51. Ra7 {[%clk 0:32:25]} Kc4
{[%clk 0:15:41]} 52. Rc7+ {[%clk 0:32:29]} Kd5 {[%clk 0:15:00]} 53. Ra7
{[%clk 0:32:29]} Ke6 {[%clk 0:13:29]} 54. Ra5 {[%clk 0:32:38]} Kd6
{[%clk 0:08:56]} 55. Kh2 {[%clk 0:32:44]} Kc6 {[%clk 0:07:53]} 56. Kg2
{[%clk 0:33:09]} Kb6 {[%clk 0:08:20]} 57. Ra3 {[%clk 0:33:33]} Kc5
{[%clk 0:08:38]} 58. Ra7 {[%clk 0:33:52]} Kd4 {[%clk 0:08:51]} 59. Rd7+
{[%clk 0:33:17]} Ke4 {[%clk 0:09:07]} 60. Re7+ {[%clk 0:33:43]} Kf4
{[%clk 0:09:30]} 61. Rf7+ {[%clk 0:34:09]} Kxg4 {[%clk 0:09:45]} 62. Rxg7+
{[%clk 0:34:36]} Kxh5 {[%clk 0:10:08]} 63. Ra7 {[%clk 0:35:02]} Kg6
{[%clk 0:10:03]} 64. Kh2 {[%clk 0:35:28]} h5 {[%clk 0:10:08]} 65. Ra6+
{[%clk 0:35:53]} Kf7 {[%clk 0:10:13]} 66. Ra7+ {[%clk 0:36:19]} Ke6
{[%clk 0:10:40]} 67. Ra8 {[%clk 0:36:45]} h4 {[%clk 0:10:55]} 68. Ra5
{[%clk 0:37:10]} Kd6 {[%clk 0:10:14]} 69. Ra6+ {[%clk 0:37:29]} 1/2-1/2

[Event "Moscow Open 2018 AB"]
[Site "?"]
[Date "2018.02.01"]
[Round "6.11"]
[White "Nechaeva, Marina"]
[Black "Lysenko, Margarita"]
[Result "1-0"]
[BlackElo "2202"]
[WhiteElo "2421"]
[LiveChessVersion "1.4.8"]

1. d4 {[%clk 1:27:15]} Nf6 {[%clk 1:30:14]} 2. c4 {[%clk 1:26:49]} e6
{[%clk 1:30:34]} 3. Nf3 {[%clk 1:27:14]} b6 {[%clk 1:30:26]} 4. Nc3
{[%clk 1:27:35]} Bb7 {[%clk 1:30:24]} 5. Bg5 {[%clk 1:25:55]} Be7
{[%clk 1:27:25]} 6. e3 {[%clk 1:26:05]} O-O {[%clk 1:24:23]} 7. Bd3
{[%clk 1:26:22]} d5 {[%clk 1:19:32]} 8. O-O {[%clk 1:12:58]} dxc4
{[%clk 1:11:34]} 9. Bxc4 {[%clk 1:13:24]} Nbd7 {[%clk 1:11:23]} 10. Qe2
{[%clk 1:11:51]} Ne4 {[%clk 1:03:16]} 11. Bxe7 {[%clk 1:06:13]} Qxe7
{[%clk 1:01:03]} 12. Bd3 {[%clk 1:05:04]} Nxc3 {[%clk 0:54:21]} 13. bxc3
{[%clk 1:05:31]} c5 {[%clk 0:53:27]} 14. e4 {[%clk 1:05:19]} Rfd8
{[%clk 0:48:06]} 15. Rfd1 {[%clk 1:02:13]} Rac8 {[%clk 0:47:11]} 16. a4
{[%clk 1:00:17]} Nf6 {[%clk 0:44:27]} 17. h3 {[%clk 0:56:42]} c4 {[%clk 0:34:29]}
18. Bc2 {[%clk 0:56:49]} Ba8 {[%clk 0:34:45]} 19. Rdb1 {[%clk 0:47:26]} Qb7
{[%clk 0:26:01]} 20. Nd2 {[%clk 0:42:45]} Nd7 {[%clk 0:18:07]} 21. f3
{[%clk 0:37:50]} e5 {[%clk 0:17:23]} 22. Nxc4 {[%clk 0:27:28]} Qc6
{[%clk 0:13:46]} 23. Bb3 {[%clk 0:22:46]} Bb7 {[%clk 0:10:56]} 24. Qf2
{[%clk 0:23:03]} Qf6 {[%clk 0:09:38]} 25. Rd1 {[%clk 0:22:39]} h5
{[%clk 0:07:07]} 26. h4 {[%clk 0:13:43]} Ba6 {[%clk 0:06:01]} 27. Ne3
{[%clk 0:14:07]} Bb7 {[%clk 0:06:22]} 28. Bc4 {[%clk 0:11:46]} Nf8
{[%clk 0:06:24]} 29. Bd5 {[%clk 0:11:15]} Ba6 {[%clk 0:06:00]} 30. dxe5
{[%clk 0:11:35]} Qxe5 {[%clk 0:06:02]} 31. c4 {[%clk 0:10:34]} Ne6
{[%clk 0:04:58]} 32. a5 {[%clk 0:10:02]} b5 {[%clk 0:04:28]} 33. cxb5
{[%clk 0:10:29]} Bxb5 {[%clk 0:04:41]} 34. Rab1 {[%clk 0:09:14]} a6
{[%clk 0:04:27]} 35. Qb2 {[%clk 0:04:53]} Qxb2 {[%clk 0:03:18]} 36. Rxb2
{[%clk 0:05:21]} Nf4 {[%clk 0:03:32]} 37. Rbd2 {[%clk 0:05:35]} Kf8
{[%clk 0:03:50]} 38. Kf2 {[%clk 0:01:17]} Ba4 {[%clk 0:02:39]} 39. Ra1
{[%clk 0:01:40]} Bb5 {[%clk 0:02:13]} 40. Ra3 {[%clk 0:31:10]} Rc1
{[%clk 0:31:03]} 41. g3 {[%clk 0:27:08]} Ne6 {[%clk 0:25:02]} 42. Nf5
{[%clk 0:13:39]} Nc5 {[%clk 0:16:27]} 43. Nd4 {[%clk 0:13:12]} Be8
{[%clk 0:15:21]} 44. Rc2 {[%clk 0:11:05]} Rxc2+ {[%clk 0:15:25]} 45. Nxc2
{[%clk 0:11:32]} Rb8 {[%clk 0:15:12]} 46. Ke3 {[%clk 0:11:12]} Na4
{[%clk 0:07:07]} 47. Nd4 {[%clk 0:08:54]} Rc8 {[%clk 0:06:10]} 48. Rb3
{[%clk 0:06:23]} g6 {[%clk 0:05:32]} 49. Bb7 {[%clk 0:03:27]} Rc5
{[%clk 0:05:16]} 50. Bxa6 {[%clk 0:03:16]} Rxa5 {[%clk 0:05:34]} 51. Be2
{[%clk 0:03:32]} Nc5 {[%clk 0:03:17]} 52. Rb8 {[%clk 0:03:42]} Ke7
{[%clk 0:02:27]} 53. Rb6 {[%clk 0:02:13]} Ra3+ {[%clk 0:01:46]} 54. Kf2
{[%clk 0:02:35]} Bd7 {[%clk 0:01:13]} 55. Rb2 {[%clk 0:01:56]} Ra7
{[%clk 0:00:48]} 56. Rc2 {[%clk 0:02:14]} Ne6 {[%clk 0:00:46]} 57. Nxe6
{[%clk 0:02:16]} Bxe6 {[%clk 0:01:06]} 58. Ke3 {[%clk 0:02:09]} Kf6
{[%clk 0:00:46]} 59. Kf4 {[%clk 0:02:32]} Ra4 {[%clk 0:01:03]} 60. Rc6
{[%clk 0:02:36]} Rb4 {[%clk 0:01:10]} 61. Ba6 {[%clk 0:02:51]} Kg7
{[%clk 0:00:59]} 62. Ke5 {[%clk 0:01:59]} Rb3 {[%clk 0:01:05]} 63. Be2
{[%clk 0:02:23]} Re3 {[%clk 0:01:04]} 64. Bd1 {[%clk 0:01:55]} Ra3
{[%clk 0:00:53]} 65. Rd6 {[%clk 0:01:58]} Ra5+ {[%clk 0:01:01]} 66. Kf4
{[%clk 0:02:23]} Rb5 {[%clk 0:00:58]} 67. Ba4 {[%clk 0:02:42]} Ra5
{[%clk 0:01:04]} 68. Bc6 {[%clk 0:03:07]} Kf8 {[%clk 0:00:44]} 69. Rd8+
{[%clk 0:02:15]} Ke7 {[%clk 0:00:58]} 70. Rb8 {[%clk 0:02:40]} Kf6
{[%clk 0:00:54]} 71. Rb6 {[%clk 0:02:44]} Kg7 {[%clk 0:00:44]} 72. Rb5
{[%clk 0:01:15]} Ra6 {[%clk 0:00:35]} 73. Rc5 {[%clk 0:01:37]} Kf6
{[%clk 0:00:33]} 74. Bb7 {[%clk 0:00:59]} Ra4 {[%clk 0:00:44]} 75. Rc6
{[%clk 0:00:47]} Kg7 {[%clk 0:00:51]} 76. Rd6 {[%clk 0:01:10]} Rb4
{[%clk 0:01:10]} 77. Ba8 {[%clk 0:00:47]} Ra4 {[%clk 0:01:24]} 78. Bd5
{[%clk 0:01:11]} Bxd5 {[%clk 0:01:35]} 79. Rxd5 {[%clk 0:01:38]} Kf6
{[%clk 0:01:16]} 80. Rd6+ {[%clk 0:01:35]} Kg7 {[%clk 0:00:52]} 81. Rb6
{[%clk 0:01:59]} Rc4 {[%clk 0:01:08]} 82. Rb5 {[%clk 0:01:49]} Ra4
{[%clk 0:01:17]} 83. Rb3 {[%clk 0:01:30]} Rc4 {[%clk 0:00:56]} 84. Ke3
{[%clk 0:01:26]} Ra4 {[%clk 0:01:05]} 85. Rd3 {[%clk 0:01:53]} Kf6
{[%clk 0:01:01]} 86. Rd4 {[%clk 0:02:19]} Ra3+ {[%clk 0:00:44]} 87. Kf4
{[%clk 0:02:45]} Ra5 {[%clk 0:01:02]} 88. Rd5 {[%clk 0:03:01]} Ra4
{[%clk 0:01:21]} 89. g4 {[%clk 0:03:25]} hxg4 {[%clk 0:01:42]} 90. Kxg4
{[%clk 0:03:49]} Ra1 {[%clk 0:01:51]} 91. h5 {[%clk 0:04:13]} gxh5+
{[%clk 0:01:38]} 92. Rxh5 {[%clk 0:04:40]} Ra4 {[%clk 0:01:26]} 93. Rh6+
{[%clk 0:04:56]} Kg7 {[%clk 0:00:41]} 94. Rb6 {[%clk 0:05:21]} Ra5
{[%clk 0:00:45]} 95. Kf4 {[%clk 0:05:13]} f6 {[%clk 0:00:42]} 96. Kg4
{[%clk 0:05:20]} Rg5+ {[%clk 0:00:50]} 97. Kf4 {[%clk 0:05:45]} Ra5
{[%clk 0:01:10]} 98. Rd6 {[%clk 0:06:06]} Kg6 {[%clk 0:01:12]} 99. Rd5
{[%clk 0:06:32]} Ra1 {[%clk 0:01:24]} 100. Ke3 {[%clk 0:06:47]} Re1+
{[%clk 0:01:02]} 101. Kf2 {[%clk 0:07:07]} Ra1 {[%clk 0:01:12]} 102. f4
{[%clk 0:07:33]} Ra3 {[%clk 0:00:44]} 103. Ke2 {[%clk 0:07:45]} Rb3
{[%clk 0:00:35]} 104. Rd3 {[%clk 0:08:12]} Rb4 {[%clk 0:00:47]} 105. Kf3
{[%clk 0:08:37]} Rb6 {[%clk 0:00:33]} 106. Ke3 {[%clk 0:08:40]} Rb4
{[%clk 0:00:46]} 107. Rc3 {[%clk 0:08:14]} Ra4 {[%clk 0:00:43]} 108. Rb3
{[%clk 0:08:39]} Ra1 {[%clk 0:00:55]} 109. Rb6 {[%clk 0:06:55]} Kg7
{[%clk 0:00:51]} 110. Kd4 {[%clk 0:04:22]} Rd1+ {[%clk 0:01:08]} 111. Kc5
{[%clk 0:04:08]} Rf1 {[%clk 0:01:07]} 112. f5 {[%clk 0:04:35]} Rd1
{[%clk 0:00:58]} 113. Rd6 {[%clk 0:05:00]} Ra1 {[%clk 0:01:05]} 114. Rd7+
{[%clk 0:03:10]} Kh6 {[%clk 0:00:41]} 115. Kd6 {[%clk 0:03:23]} Ra6+
{[%clk 0:00:36]} 116. Ke7 {[%clk 0:03:33]} Kg5 {[%clk 0:00:46]} 117. Kf7
{[%clk 0:03:04]} Ra4 {[%clk 0:00:41]} 118. Re7 {[%clk 0:03:26]} Ra6
{[%clk 0:00:43]} 119. Kg7 {[%clk 0:03:33]} Rb6 {[%clk 0:00:44]} 120. Rf7
{[%clk 0:03:20]} Ra6 {[%clk 0:01:00]} 121. Kh7 {[%clk 0:02:29]} Rb6
{[%clk 0:00:42]} 122. Rg7+ {[%clk 0:02:18]} Kf4 {[%clk 0:00:39]} 123. Kg6
{[%clk 0:02:36]} Kxe4 {[%clk 0:00:43]} 124. Re7+ {[%clk 0:03:02]} Kf4
{[%clk 0:00:32]} 125. Re6 {[%clk 0:02:37]} Rb1 {[%clk 0:00:35]} 126. Ra6
{[%clk 0:02:28]} Rb5 {[%clk 0:00:44]} 127. Rxf6 {[%clk 0:02:27]} Ra5
{[%clk 0:00:37]} 128. Rb6 {[%clk 0:02:23]} Ra1 {[%clk 0:00:45]} 129. f6
{[%clk 0:02:48]} Ke5 {[%clk 0:00:34]} 130. f7 {[%clk 0:02:58]} Rg1+
{[%clk 0:00:51]} 131. Kh7 {[%clk 0:03:25]} Rf1 {[%clk 0:01:08]} 132. Kg7
{[%clk 0:03:52]} Rg1+ {[%clk 0:01:33]} 133. Rg6 {[%clk 0:04:18]} 1-0

[Event "Moscow Open 2018 AB"]
[Site "?"]
[Date "2018.02.01"]
[Round "6.12"]
[White "Gaboyan, Susanna"]
[Black "Hojjatova, Aydan"]
[Result "1/2-1/2"]
[BlackElo "2336"]
[WhiteElo "2168"]
[LiveChessVersion "1.4.8"]

1. d4 {[%clk 1:30:55]} e6 {[%clk 1:30:45]} 2. e4 {[%clk 1:20:43]} d5
{[%clk 1:30:59]} 3. Nc3 {[%clk 1:20:37]} Bb4 {[%clk 1:31:09]} 4. e5
{[%clk 1:20:58]} c5 {[%clk 1:31:31]} 5. a3 {[%clk 1:20:28]} Bxc3+
{[%clk 1:31:55]} 6. bxc3 {[%clk 1:20:52]} Qa5 {[%clk 1:31:51]} 7. Bd2
{[%clk 1:20:05]} Qa4 {[%clk 1:31:28]} 8. Nf3 {[%clk 1:08:42]} Ne7
{[%clk 1:24:08]} 9. dxc5 {[%clk 1:06:46]} Nd7 {[%clk 1:24:01]} 10. Nd4
{[%clk 0:53:18]} a6 {[%clk 1:17:07]} 11. f4 {[%clk 0:49:10]} Nxc5
{[%clk 1:14:08]} 12. Bd3 {[%clk 0:49:33]} Nc6 {[%clk 1:07:35]} 13. Nb3
{[%clk 0:44:50]} Ne4 {[%clk 0:50:46]} 14. O-O {[%clk 0:44:53]} O-O
{[%clk 0:48:07]} 15. Be1 {[%clk 0:45:13]} f6 {[%clk 0:41:35]} 16. exf6
{[%clk 0:43:32]} Rxf6 {[%clk 0:38:54]} 17. Qe2 {[%clk 0:43:45]} b5
{[%clk 0:32:31]} 18. Bh4 {[%clk 0:39:06]} Rf7 {[%clk 0:29:31]} 19. Bxe4
{[%clk 0:31:44]} Qxe4 {[%clk 0:28:58]} 20. Qxe4 {[%clk 0:32:07]} dxe4
{[%clk 0:29:22]} 21. Rae1 {[%clk 0:30:52]} e5 {[%clk 0:25:57]} 22. Rxe4
{[%clk 0:28:35]} Bf5 {[%clk 0:22:15]} 23. Re2 {[%clk 0:28:57]} Be6
{[%clk 0:15:32]} 24. Nd2 {[%clk 0:21:16]} Bg4 {[%clk 0:12:25]} 25. Ref2
{[%clk 0:20:56]} exf4 {[%clk 0:12:19]} 26. h3 {[%clk 0:16:12]} Bf5
{[%clk 0:10:30]} 27. Rxf4 {[%clk 0:14:58]} Raf8 {[%clk 0:10:51]} 28. c4
{[%clk 0:09:11]} Bxc2 {[%clk 0:09:13]} 29. Rxf7 {[%clk 0:09:30]} Rxf7
{[%clk 0:09:42]} 30. Rxf7 {[%clk 0:09:52]} Kxf7 {[%clk 0:10:11]} 31. cxb5
{[%clk 0:10:15]} 1/2-1/2

[Event "Moscow Open 2018 AB"]
[Site "?"]
[Date "2018.02.01"]
[Round "6.13"]
[White "Kashlinskaya, Alina"]
[Black "Dordzhieva, Dinara"]
[Result "1/2-1/2"]
[BlackElo "2294"]
[WhiteElo "2459"]
[LiveChessVersion "1.4.8"]

1. d4 {[%clk 1:30:57]} Nf6 {[%clk 1:21:06]} 2. c4 {[%clk 1:31:16]} d6
{[%clk 1:21:32]} 3. Nf3 {[%clk 1:31:13]} g6 {[%clk 1:21:58]} 4. Nc3
{[%clk 1:30:46]} Bg7 {[%clk 1:22:19]} 5. e4 {[%clk 1:30:58]} O-O {[%clk 1:22:41]}
6. Be2 {[%clk 1:31:23]} e5 {[%clk 1:23:01]} 7. O-O {[%clk 1:31:42]} Nc6
{[%clk 1:23:10]} 8. d5 {[%clk 1:31:47]} Ne7 {[%clk 1:23:35]} 9. a4
{[%clk 1:32:11]} Nh5 {[%clk 1:22:32]} 10. a5 {[%clk 1:31:57]} f5 {[%clk 1:14:21]}
11. Ng5 {[%clk 1:24:19]} Nf6 {[%clk 1:08:46]} 12. Bf3 {[%clk 1:14:49]} h6
{[%clk 1:01:32]} 13. Ne6 {[%clk 1:15:08]} Bxe6 {[%clk 1:01:58]} 14. dxe6
{[%clk 1:15:34]} c6 {[%clk 1:01:54]} 15. Qb3 {[%clk 1:00:30]} Qc8
{[%clk 0:56:15]} 16. Rd1 {[%clk 0:55:28]} Rd8 {[%clk 0:43:09]} 17. c5
{[%clk 0:46:52]} fxe4 {[%clk 0:32:30]} 18. cxd6 {[%clk 0:46:54]} exf3
{[%clk 0:32:56]} 19. dxe7 {[%clk 0:34:57]} Rxd1+ {[%clk 0:32:24]} 20. Nxd1
{[%clk 0:31:04]} Qc7 {[%clk 0:15:02]} 21. Qxf3 {[%clk 0:28:46]} Qxe7
{[%clk 0:13:56]} 22. a6 {[%clk 0:26:14]} Re8 {[%clk 0:14:00]} 23. axb7
{[%clk 0:20:46]} Qxb7 {[%clk 0:14:21]} 24. Bxh6 {[%clk 0:21:00]} Rxe6
{[%clk 0:13:26]} 25. Bxg7 {[%clk 0:20:59]} Kxg7 {[%clk 0:13:53]} 26. Qa3
{[%clk 0:20:56]} Re7 {[%clk 0:13:55]} 27. Ne3 {[%clk 0:20:17]} Nd5
{[%clk 0:13:52]} 28. Ng4 {[%clk 0:19:32]} Nf6 {[%clk 0:12:27]} 29. Nxf6
{[%clk 0:19:20]} Kxf6 {[%clk 0:12:55]} 30. h4 {[%clk 0:18:02]} Qd7
{[%clk 0:11:40]} 31. Qf3+ {[%clk 0:17:04]} Kg7 {[%clk 0:12:06]} 32. Rd1
{[%clk 0:14:58]} Qe6 {[%clk 0:10:04]} 33. Rc1 {[%clk 0:07:47]} Rc7
{[%clk 0:08:57]} 34. Rc5 {[%clk 0:06:30]} e4 {[%clk 0:04:19]} 35. Qc3+
{[%clk 0:04:43]} Qf6 {[%clk 0:03:48]} 36. Qg3 {[%clk 0:05:09]} Rd7
{[%clk 0:02:07]} 37. h5 {[%clk 0:05:07]} Rd5 {[%clk 0:01:52]} 38. b4
{[%clk 0:01:35]} a6 {[%clk 0:00:37]} 39. hxg6 {[%clk 0:01:05]} Qxg6
{[%clk 0:00:33]} 40. Qxg6+ {[%clk 0:31:15]} Kxg6 {[%clk 0:31:01]} 41. Rxc6+
{[%clk 0:31:37]} Kf5 {[%clk 0:31:28]} 42. Rxa6 {[%clk 0:31:26]} Rd1+
{[%clk 0:27:22]} 43. Kh2 {[%clk 0:30:59]} Rb1 {[%clk 0:27:49]} 44. Rb6
{[%clk 0:29:18]} Kg4 {[%clk 0:27:51]} 45. Rb8 {[%clk 0:17:11]} Rb2
{[%clk 0:27:59]} 46. b5 {[%clk 0:07:15]} Rxf2 {[%clk 0:26:18]} 47. Rg8+
{[%clk 0:07:40]} Kh5 {[%clk 0:25:07]} 48. b6 {[%clk 0:07:55]} Rb2
{[%clk 0:23:52]} 49. Rb8 {[%clk 0:08:00]} Kg6 {[%clk 0:22:54]} 50. Kg3
{[%clk 0:05:28]} e3 {[%clk 0:22:21]} 51. Kf3 {[%clk 0:05:28]} e2 {[%clk 0:22:19]}
52. Kf2 {[%clk 0:05:51]} Kg7 {[%clk 0:20:45]} 53. g4 {[%clk 0:05:21]} Kh7
{[%clk 0:21:07]} 54. Rb7+ {[%clk 0:05:25]} Kg6 {[%clk 0:21:26]} 55. Ke1
{[%clk 0:05:30]} Kh6 {[%clk 0:21:14]} 56. Rb8 {[%clk 0:05:46]} Kg7
{[%clk 0:21:36]} 57. b7 {[%clk 0:05:16]} Kh7 {[%clk 0:21:54]} 58. g5
{[%clk 0:05:39]} Kg7 {[%clk 0:22:21]} 59. g6 {[%clk 0:05:50]} Rb1+
{[%clk 0:22:39]} 60. Kxe2 {[%clk 0:06:15]} Rb2+ {[%clk 0:23:05]} 61. Kd3
{[%clk 0:06:37]} Rb3+ {[%clk 0:23:30]} 62. Kd4 {[%clk 0:06:51]} Rb1
{[%clk 0:23:47]} 63. Kc3 {[%clk 0:07:02]} Rb6 {[%clk 0:24:06]} 64. Kc2
{[%clk 0:06:38]} Rb5 {[%clk 0:24:32]} 65. Kc3 {[%clk 0:07:01]} Rb6
{[%clk 0:24:59]} 66. Kd4 {[%clk 0:07:26]} Rb1 {[%clk 0:25:24]} 67. Kd5
{[%clk 0:07:42]} Rd1+ {[%clk 0:25:43]} 68. Kc6 {[%clk 0:08:08]} Rc1+
{[%clk 0:26:10]} 69. Kb6 {[%clk 0:07:30]} 1/2-1/2

[Event "Moscow Open 2018 AB"]
[Site "?"]
[Date "2018.02.01"]
[Round "6.14"]
[White "Charochkina, Daria"]
[Black "Bodnaruk, Anastasia"]
[Result "0-1"]
[BlackElo "2434"]
[WhiteElo "2326"]
[LiveChessVersion "1.4.8"]

1. d4 {[%clk 1:30:58]} Nf6 {[%clk 1:30:50]} 2. Bf4 {[%clk 1:31:24]} d5
{[%clk 1:30:54]} 3. e3 {[%clk 1:31:43]} c5 {[%clk 1:30:29]} 4. c3
{[%clk 1:31:57]} Nc6 {[%clk 1:30:29]} 5. Nf3 {[%clk 1:30:37]} Bf5
{[%clk 1:29:45]} 6. dxc5 {[%clk 1:28:20]} e6 {[%clk 1:26:29]} 7. b4
{[%clk 1:23:40]} Be7 {[%clk 1:22:52]} 8. Nd4 {[%clk 1:17:53]} O-O
{[%clk 1:09:11]} 9. Bb5 {[%clk 1:04:31]} Qd7 {[%clk 1:06:53]} 10. Nd2
{[%clk 0:54:48]} Ne4 {[%clk 0:58:06]} 11. Nxe4 {[%clk 0:49:22]} Bxe4
{[%clk 0:58:25]} 12. O-O {[%clk 0:48:30]} f6 {[%clk 0:45:25]} 13. f3
{[%clk 0:48:55]} Bg6 {[%clk 0:45:39]} 14. e4 {[%clk 0:46:27]} e5 {[%clk 0:30:32]}
15. exd5 {[%clk 0:46:51]} Qxd5 {[%clk 0:30:56]} 16. Nxc6 {[%clk 0:46:40]} bxc6
{[%clk 0:26:47]} 17. Qxd5+ cxd5 {[%clk 0:27:16]} 18. Bg3 {[%clk 0:47:04]} Bf7
{[%clk 0:23:58]} 19. Rfd1 {[%clk 0:46:44]} a5 {[%clk 0:20:30]} 20. Bc6
{[%clk 0:45:39]} Rab8 {[%clk 0:20:51]} 21. a3 {[%clk 0:31:45]} d4
{[%clk 0:19:42]} 22. Be1 {[%clk 0:30:30]} Bb3 {[%clk 0:17:47]} 23. cxd4
{[%clk 0:25:32]} Bxd1 {[%clk 0:17:46]} 24. Rxd1 {[%clk 0:25:57]} exd4
{[%clk 0:16:10]} 25. Rxd4 {[%clk 0:26:19]} axb4 {[%clk 0:15:08]} 26. axb4
{[%clk 0:26:39]} Rfc8 {[%clk 0:11:11]} 27. Bd5+ {[%clk 0:24:05]} Kf8
{[%clk 0:11:37]} 28. Rh4 {[%clk 0:18:02]} h6 {[%clk 0:10:17]} 29. Bg3
{[%clk 0:16:49]} Rxb4 {[%clk 0:10:13]} 30. c6 {[%clk 0:15:36]} Rb1+
{[%clk 0:07:53]} 31. Kf2 {[%clk 0:16:00]} Rb5 {[%clk 0:08:07]} 32. Bc4
{[%clk 0:07:08]} Rb2+ {[%clk 0:08:23]} 33. Kf1 {[%clk 0:03:06]} Rxc6
{[%clk 0:08:37]} 34. Re4 {[%clk 0:03:33]} f5 {[%clk 0:07:18]} 35. Rf4
{[%clk 0:03:45]} g6 {[%clk 0:06:22]} 36. Be1 {[%clk 0:04:14]} Bb4
{[%clk 0:01:40]} 37. Bg3 {[%clk 0:02:24]} Bd6 {[%clk 0:01:37]} 38. Rh4
{[%clk 0:01:21]} Bxg3 {[%clk 0:02:03]} 39. hxg3 {[%clk 0:01:48]} g5
{[%clk 0:02:23]} 0-1

[Event "Moscow Open 2018 AB"]
[Site "?"]
[Date "2018.02.01"]
[Round "6.15"]
[White "Osmak, Iulija"]
[Black "Tokhirjonova, Gulrukhbegim"]
[Result "1-0"]
[BlackElo "2329"]
[WhiteElo "2375"]
[LiveChessVersion "1.4.8"]

1. d4 {[%clk 1:30:59]} e6 {[%clk 1:20:53]} 2. Nf3 {[%clk 1:31:04]} Nf6
{[%clk 1:20:55]} 3. Bf4 {[%clk 1:31:10]} d5 {[%clk 1:21:00]} 4. e3
{[%clk 1:31:26]} c5 {[%clk 1:21:14]} 5. c3 {[%clk 1:31:39]} Nc6 {[%clk 1:21:21]}
6. Nbd2 {[%clk 1:31:58]} Be7 {[%clk 1:21:34]} 7. Ne5 {[%clk 1:28:40]} Qb6
{[%clk 1:18:14]} 8. Rb1 {[%clk 1:23:42]} Nd7 {[%clk 1:11:57]} 9. Bd3
{[%clk 1:13:06]} Ndxe5 {[%clk 1:04:30]} 10. dxe5 {[%clk 1:13:30]} Bd7
{[%clk 1:04:46]} 11. h4 {[%clk 1:07:44]} O-O-O {[%clk 1:01:33]} 12. h5
{[%clk 1:00:15]} g5 {[%clk 0:58:27]} 13. Bg3 {[%clk 0:56:53]} Qc7
{[%clk 0:58:17]} 14. Nf3 {[%clk 0:55:56]} g4 {[%clk 0:56:20]} 15. Nh2
{[%clk 0:56:18]} Nxe5 {[%clk 0:55:35]} 16. Nxg4 {[%clk 0:54:23]} Nxd3+
{[%clk 0:54:56]} 17. Qxd3 {[%clk 0:54:48]} Qa5 {[%clk 0:49:42]} 18. Qc2
{[%clk 0:46:13]} Bb5 {[%clk 0:43:53]} 19. f3 {[%clk 0:42:46]} Qa6
{[%clk 0:42:27]} 20. Qd2 {[%clk 0:41:06]} Rhg8 {[%clk 0:39:01]} 21. Kf2
{[%clk 0:39:38]} f5 {[%clk 0:37:49]} 22. Ne5 {[%clk 0:39:17]} Bd6
{[%clk 0:37:33]} 23. Bf4 {[%clk 0:39:08]} Qa5 {[%clk 0:26:58]} 24. Nf7
{[%clk 0:32:44]} Bxf4 {[%clk 0:27:18]} 25. exf4 {[%clk 0:33:11]} Rd7
{[%clk 0:26:22]} 26. Ne5 {[%clk 0:33:17]} Rdg7 {[%clk 0:26:30]} 27. Rhg1
{[%clk 0:29:40]} Qxa2 {[%clk 0:23:47]} 28. g4 {[%clk 0:29:34]} fxg4
{[%clk 0:22:27]} 29. fxg4 {[%clk 0:20:43]} Qa5 {[%clk 0:22:20]} 30. h6
{[%clk 0:21:01]} Re7 {[%clk 0:22:42]} 31. Rbe1 {[%clk 0:15:56]} Qd8
{[%clk 0:22:52]} 32. g5 {[%clk 0:15:08]} Ree8 {[%clk 0:20:59]} 33. Qe3
{[%clk 0:13:55]} Qe7 {[%clk 0:19:54]} 34. Ng4 {[%clk 0:13:27]} Rgf8
{[%clk 0:17:20]} 35. Nf6 {[%clk 0:11:10]} Rxf6 {[%clk 0:17:17]} 36. gxf6
{[%clk 0:11:36]} Qxf6 {[%clk 0:17:41]} 37. Qxc5+ {[%clk 0:06:26]} Bc6
{[%clk 0:18:09]} 38. Qd6 {[%clk 0:06:21]} Qxh6 {[%clk 0:17:24]} 39. Rh1
{[%clk 0:04:23]} Qg6 {[%clk 0:17:43]} 40. Qe5 {[%clk 0:34:02]} Bb5
{[%clk 0:45:24]} 41. Rc1 {[%clk 0:25:04]} Rf8 {[%clk 0:42:23]} 42. c4
{[%clk 0:22:59]} Bc6 {[%clk 0:41:49]} 43. cxd5 {[%clk 0:15:58]} exd5
{[%clk 0:41:13]} 44. Rhg1 {[%clk 0:12:55]} Qh6 {[%clk 0:41:07]} 45. Rg4
{[%clk 0:12:49]} d4 {[%clk 0:36:45]} 46. Kg3 {[%clk 0:12:40]} Qf6
{[%clk 0:31:51]} 47. Qxf6 {[%clk 0:08:52]} Rxf6 {[%clk 0:32:19]} 48. Rd1
{[%clk 0:08:45]} Rd6 {[%clk 0:31:50]} 49. Rg8+ {[%clk 0:08:44]} Kd7
{[%clk 0:28:53]} 50. Rg7+ {[%clk 0:05:08]} Ke6 {[%clk 0:29:21]} 51. Rxh7
{[%clk 0:05:29]} Kd5 {[%clk 0:29:30]} 52. Rh5+ {[%clk 0:05:16]} Kc4
{[%clk 0:29:58]} 53. f5 {[%clk 0:05:32]} d3 {[%clk 0:25:42]} 54. Rh4+
{[%clk 0:05:14]} Rd4 {[%clk 0:17:01]} 55. Rxd4+ {[%clk 0:02:26]} Kxd4
{[%clk 0:17:29]} 56. f6 {[%clk 0:02:49]} Bd5 {[%clk 0:17:55]} 57. Kf2
{[%clk 0:03:14]} a5 {[%clk 0:18:14]} 58. Rg1 {[%clk 0:03:05]} Kc4
{[%clk 0:14:32]} 59. Rg5 {[%clk 0:02:32]} Bf7 {[%clk 0:14:34]} 60. Rxa5
{[%clk 0:01:23]} Kb3 {[%clk 0:14:37]} 61. Ke3 {[%clk 0:01:29]} Bc4
{[%clk 0:14:06]} 62. Rc5 {[%clk 0:01:13]} Bf7 {[%clk 0:13:39]} 63. Kxd3
{[%clk 0:01:30]} 1-0